| 000 | 01194nam0a22002891 4500 | ||
|---|---|---|---|
| 001 | rc\3915288 | ||
| 005 | 20130415110050.1 | ||
| 021 |
_aRU _b[50-27193] |
||
| 035 | _a(NLR Aleph) 008022179 | ||
| 090 |
_a8767928 _c8767928 |
||
| 100 | _a20130415d1950 |||y0rusy50 ca | ||
| 101 | 0 | _arus | |
| 102 | _aRU | ||
| 105 | _aa z ||||| | ||
| 200 | 1 |
_aТеория вероятностей _e[Учеб. пособие для высш. учеб. заведений] _fПри ред. участии действ. чл. АН УССР Б.В. Гнеденко |
|
| 210 |
_aМосква _aЛенинград _cГос. изд-во техн.-теорет. лит. _d1950 _g16-я тип. Союзполиграфпрома в М. |
||
| 215 |
_a368 с. _cчерт. _d21 |
||
| 300 | _aПеред загл. авт.: Г.П. Боев | ||
| 320 | _aБиблиогр.: с. 363-365 | ||
| 606 |
_aВероятностей, теория _jУчебники и пособия _2psbo |
||
| 700 | 1 |
_aБоев _bГ. П. _f1898- _gГеоргий Петрович |
|
| 702 | 1 |
_aГнеденко _bБ. В. _4340 |
|
| 801 | 0 |
_aRU _bNLR _gpsbo |
|
| 801 | 1 |
_aRU _bELAR _2rusmarc |
|
| 852 |
_aNLR _jМт02 Г-3/178 |
||
| 942 | _cBOOK | ||
| 980 | _aNB | ||